| 000 | 00954cam a22002771a 4500 | ||
|---|---|---|---|
| 001 | l 36000051 | ||
| 003 | DLC | ||
| 005 | 20260227111535.0 | ||
| 008 | 761007s1936 dcu f000 0 eng | ||
| 010 | _al 36000051 | ||
| 035 | _a(OCoLC)2487957 | ||
| 040 |
_aDLC _cTx _dDLC |
||
| 042 | _apremarc | ||
| 050 | 0 | 0 |
_aHD6093 _b.A35 no. 126 |
| 086 | 0 | _aL 13.3:126 | |
| 100 | 1 | _aSullivan, Mary Loretta. | |
| 245 | 1 | 0 |
_aWomen in Texas industries : _bhours, wages, working conditions, and home work / _cby Mary Loretta Sullivan and Bertha Blair. |
| 260 |
_aWashington, D.C. : _bFor sale by U.S. G.P.O., _c1936. |
||
| 300 |
_av, 81 p., [2] p. of plates : _bill. ; _c23 cm. |
||
| 440 | 0 |
_aBulletin of the Women's Bureau ; _vno. 126 |
|
| 650 | 0 |
_aWomen _xEmployment _zTexas _vStatistics. |
|
| 650 | 0 |
_aWages _xWomen _zTexas _vStatistics. |
|
| 650 | 0 |
_aHours of labor _zTexas _vStatistics. |
|
| 700 | 1 | _aBlair, Bertha. | |
| 710 | 1 |
_aUnited States. _bWomen's Bureau. |
|
| 999 |
_c36189 _d36189 |
||